| 000 | 00367cam a2200145ua 4500 | ||
|---|---|---|---|
| 041 |
_aeng _h |
||
| 082 |
_a823.308 _bTRO/AR |
||
| 100 | _aTroyes, Chrefien De . | ||
| 245 |
_aArthurian romances / _cChrefien De Troyes. _hTextual Documents |
||
| 260 |
_aLondon : _bJ M Dent and Sons Ltd , _c1963. |
||
| 300 | _a380. | ||
| 504 | _a | ||
| 942 | _cBK | ||
| 999 |
_c2598 _d2598 |
||